=LDR 00000nam 2200000 4500 =001 NUTBA000000000005032 =005 20141016143700.0 =006 =007 =008 =020 ##$$a 978-602-8219-69-3 =035 ##$$a 0010-101400000000262 =040 ##$$a NBPDMAT =082 ##$$a 904.5 =090 ##$$a 904.5 $b Her b =100 ##$$a Herlina Rachmawati =245 ##$$a Bencana alam dan masa depan bumi / $c Herlina Rachmawati ; editor, Nurhasanah =260 ##$$a Jakarta : $b Nobel Edumedia, $c 2012 =300 ##$$a vi, 112 hlm. : $b ilus. ; $c 24 cm. =500 ##$$a Bibliografi : hlm. 111 =650 ##$$a Bencana Alam =700 ##$$a Nurhasanah =850 ##$$a NBPDMAT